000 00646nam a2200205Ia 4500
008 220216s9999 xx 000 0 und d
100 _aLardet L
245 0 _aComparison of GusA activity in first-generation and budded transgenic plants in Hevea brasiliensis
260 _bIRRDB Natural Rubber Conference 2008, 13-15 October 2008, Kuala Lumpur, Malaysia: Abstract of papers
500 _aSource Year: 2008
650 _aBudded transgenic plants
650 _aGusA activity
700 _aBenistant E
700 _aLeelercq J
700 _aMartin F
700 _aMontoro P
700 _aOliver G
856 _uAbst only
942 _cJS
999 _c56006
_d56006